California Area Codes - Statistics

General Stats
  • This quiz has been taken 63 times
  • The average score is 11 of 24
Answer Stats
Picture Answer % Correct
619/858
69%
530
65%
760/442
65%
310/424
58%
415/628
54%
707/369
54%
714/657
54%
805/820
54%
916/279
54%
209/350
50%
949
50%
213/323
46%
510/341
46%
559
46%
661
46%
408/669
42%
909/840
42%
925
42%
626
38%
831
38%
650
35%
951
35%
562
31%
818/747
31%
No matching quizzes found
Score Distribution
Percent of People with Each Score
Percentile by Number Answered
Your Score History
You have not taken this quiz